000 00893cab a2200229 4500
001 ABS42433
008 090401t1990 xxu||||| |||| 00| 0 eng d
035 _a(Sirsi) u36770
041 _aeng
245 _aNational conveyancing protocol
260 _c1990
350 _a0
490 _aLaw Society`s Gazette
_v87(8) 28 February 1990, 15-16(2)
520 _aArticle offering guidance on a number of important points which have been raised by the National Conveyancing Protocol launched on 21 March including the role of the deposit , search validation schemes, coal mining searches , copyright on reproduction of forms and role of developers . Examines how the scheme will be marketed.
650 _aCONVEYANCING
650 _aMARKETING
650 _aNATIONAL CONDITIONS OF SALE
650 _aSEARCHES
690 _aPROPERTY LAW AND PRACTICE
942 _n0
948 _c04/03/1997
999 _c23794
_d23794